000 00520nam a2200205Ia 4500
008 230125s9999 xx 000 0 und d
020 _a0-19-807703-3
041 _aeng
082 _a657.8333
_bSHA
100 _aShah P
_9109558
245 _aFinancial Accounting for Management
250 _a2nd ed
260 _c2013
_bOxford university press
_aNew Delhi
300 _a561p
500 _aFinancial accounting
650 _aAccounting
700 _aShah P
_9109558
906 _b131
999 _c86248
_d86248